| 000 | 01290cam a2200325 4500 | ||
|---|---|---|---|
| 001 | ABS62177 | ||
| 008 | 000000n2000 000 0 eng u | ||
| 035 | _a(Sirsi) u105904 | ||
| 245 | _aDistribution property | ||
| 260 | _c2000 | ||
| 490 |
_aEstates Gazette _vDistribution Property Supplement Spring 2000 (21) |
||
| 520 | _aSupplement on distribution property looking in particular at the effects of e-commerce. Includes articles on Jones Lang LaSalle's "Retail 2010" report which looks at the future of consumer behaviour; the role of catalogue retailers; how life will change for developers and occupiers; the increased pressure for land; the trend to look to France for space; the market in central Europe; the role of outsourcing and the problems faced by third-party distribution firms. | ||
| 590 | _aABS | ||
| 650 | _aDISTRIBUTION PROPERTY | ||
| 650 | _aJONES LANG LASALLE | ||
| 650 | _aRETAIL PROPERTY | ||
| 650 | _aE-TAILING | ||
| 650 | _aCATALOGUE RETAILERS | ||
| 650 | _aE-COMMERCE | ||
| 650 | _aDEVELOPERS | ||
| 650 | _aOCCUPIERS | ||
| 650 | _aFRANCE | ||
| 650 | _aHUNGARY | ||
| 650 | _aCZECH REPUBLIC | ||
| 650 | _aPOLAND | ||
| 650 | _aOUTSOURCING | ||
| 650 | _aWAREHOUSING | ||
| 690 | _aPROPERTY-COMMERCIAL PROPERTY-RETAIL PROPERTY | ||
| 942 | _n0 | ||
| 999 |
_c63415 _d63415 |
||